Quizzes
Events
Quiz Creation
Community
Videos
Private Events
Remove Ads
Sign In
Join for FREE
Feedback
Dark Mode
Quiz Categories
Sports
Geography
Music
Movies
Television
Just For Fun
Miscellaneous
History
Literature
Language
Science
Gaming
Entertainment
Religion
Holiday
For Kids
Quiz Lab
Recent
Popular Today
Quiz Kudos Today
Editor Picks
Curator Picks
Quizzes by...
Day
Popularity
Type
Ratings
Length
Year
Community
Subscriptions
Recent Discussions
Orange Saloon
Badges
Playlists
Quests
Create
Leaderboards
Showdown
Live 5
Trivia Bingo
Activity
Puzzle Library
Sporcle Events
Private Events
Virtual Trivia
Globe League
Become a Host
Pub Owners
SporcleCon
Opinionation
Our Games
Videos
Blog
Mobile Apps
Partnerships
Remove Ads and Go Orange
Feedback
Music
Pop Music
The Beatles
Song
Album
Lyrics
Bands
Singers
Artist
Clip
Rock
Rap
Classical
Billboard
Country Music
Kpop
Taylor Swift
Music
Pop Music
The Beatles
Song
Album
Lyrics
Bands
Singers
Artist
Clip
Rock
Rap
Classical
Billboard
Country Music
Kpop
Taylor Swift
Random Quiz
Search Sporcle
×
Curator Pick
Curator Pick
Music
Classical
Type in answers that appear in a list
Type in answers that appear in a list
Classic
Best Score? Go Orange.
B Composers Stats
Can you name the composers whose last names start with B?
By
gnatural
3m
17 Questions
1,484 Plays
1,484 Plays
1,484 Plays
Comments
Comments
Give Quiz Kudos
Give Quiz Kudos
-
- Ratings
hide this ad
More Info
Replay
Link that replays current quiz
Next Quiz
Link to next quiz in quiz playlist
You Got
0%
They Got
Avg Score
58%
Avg Friend Score
Upgrade to see
Score Distribution
Jump to the score distribution portion of the page
Score
0/17
Timer
03:00
0
Plays Today
Years
Composer
% Correct
1770-
1827
Ludwig van Beethoven
97%
1685–1750
Johann Sebastian Bach
95.3%
1838-
1875
Georges Bizet
85.8%
1803-
1869
Hector Berlioz
81.3%
1833-
1897
Johannes Brahms
80.3%
1918-
1990
Leonard Bernstein
79.3%
1910-
1981
Samuel Barber
68.6%
1913-
1976
Benjamin Britten
60.9%
1833-
1887
Aleksandr Borodin
57.1%
Years
Composer
% Correct
1881-
1945
Béla Bartók
56.4%
1885-
1935
Alban Berg
50.8%
1801-
1835
Vincenzo Bellini
48.3%
1824-
1896
Anton Bruckner
46.2%
1838-
1920
Max Bruch
35.9%
1925-
2016
Pierre Boulez
24.5%
1867-
1944
Mrs. H.H.A. Beach
11.4%
1916-
2011
Milton Babbitt
9.9%
Quiz Playlist
Details
Report
Send in Message
Add To Playlist
More Info:
As a hint, one notable work is given for each composer.
Classic:
Type in answers that appear in a list
Quiz Source
Last Updated: Feb 16, 2017
Curator Pick in
Classical
Quiz Scoreboard
CHALLENGE
Sign Up to Join the Scoreboard
Show All
Scores
Hide
Comments
May contain spoilers
Recently Published
Decade Duel: World Leaders
by jenniferyan
History
4m
Alphabetical 'K' Countries by Flag Minefield
by ylime102
Geography
3m
Pick 6: Fruits
by JohnFran
Miscellaneous
15s
More to Explore
Quiz From the Vault
Featured Blog Post
15 Basketball Trivia Facts You Can Be March Mad About
hide this ad
You Might Also Like...
Tags
Classical Quiz
Composer
last
Notable
start
Today's Top Quizzes in Music
Browse Music
hide this ad
Today's Top Quizzes in Classical
Browse Classical
Top Contributed Quizzes in Music
1
Taylor Swift All Songs (2024)
2
KPOP LOGIC QUIZ
3
Taylor Swift Logic Puzzle
4
Decade Duel: Singer
5
Guess the Taylor Swift song (Mystery Song)
6
A Taylor Swift Logic Puzzle
7
Guess The Taylor Swift Lyrics Song #1
8
kpop group name match up
9
2 word kpop group match
10
K-Pop : 100 Debut Songs (Part 1 of 3)
Explore More
Trending Topics
Disney
NBA
Crossword
Anime
Kpop
Marvel
Harry Potter
Country
Song
Pokémon
Soccer
NFL
The Office
WWE
Puzzle
hide this ad
More By:
gnatural
Quiz
Plays
Rating
Category
Featured
Created
Name the Third Member
213,600
4.22
Miscellaneous
Dec 13, 2009
Game by Object
190,638
3.98
Gaming
Dec 13, 2009
Countries: Three by Three
106,044
4.48
Geography
Dec 6, 2010
European Country & Capital Initials
101,157
4.07
Geography
Jun 2, 2011
Official State Grab Bag
101,086
4.41
Geography
Jan 12, 2011
Go to Creator's Profile
Score Distribution
Quiz Creator Spotlight
gnatural
Follow
Send a Message
Quizzes Created
-
Created Quiz Play Count
-
More By This Creator
Popular Quizzes Today
1
Countries of Asia Without Outlines Minefield
2
Find the US States - No Outlines Minefield
3
Pick 6: Fruits
4
The Countries of the World
5
Alphabetical 'K' Countries by Flag Minefield
6
Find the Countries of Europe - No Outlines Minefield
7
US States
8
Find the US States
More Music Quizzes
Musical Women by Image A-Z II
Published
Trending Quizzes
Pick 6: Mountains
Pick 6: Harry Potter
Pick 6: Flags
Pick 6: NFL Teams
Pick 6: Movie Franchises
Recently Updated
Adaptations: Name the Title
pecheneg
NWSL Teams
pecheneg
Women's Final Four Teams by Year
bhenderson79
Presidents Quartet II
eogle
Anything But Clue(do)
eogle
Anything But Oceanian Capitals
eogle
Anything But 7
eogle
Anything But Thing
eogle
Word Ladder: February 29
pecheneg
Song Title Questions
pecheneg
Trending Topics
Crossword
Anime
Kpop
NBA
Marvel
Harry Potter
Disney
The Office
Country
WWE
Puzzle
Song
Pokémon
Soccer
NFL
Your Account Isn't Verified!
In order to create a playlist on Sporcle, you need to verify the email address you used during registration. Go to your
Sporcle Settings
to finish the process.
Report this User
Report this user for behavior that violates our
Community Guidelines
.
Details:
Send Report
Go to the Sporcle.com Mobile Site →
Comments